MDQL
is popping MORE tags! Check the
thread
!
Quizzes
Events
Quiz Creation
Community
Videos
Private Events
Remove Ads
Sign In
Join for FREE
Feedback
Dark Mode
Quiz Categories
Sports
Geography
Music
Movies
Television
Just For Fun
Miscellaneous
History
Literature
Language
Science
Gaming
Entertainment
Religion
Holiday
For Kids
Quiz Lab
Recent
Popular Today
Quiz Kudos Today
Editor Picks
Curator Picks
Quizzes by...
Day
Popularity
Type
Ratings
Length
Year
Community
Subscriptions
Recent Discussions
Orange Saloon
Badges
Playlists
Quests
Create
Leaderboards
Showdown
Live 5
Trivia Bingo
Activity
Puzzle Library
Sporcle Events
Private Events
Virtual Trivia
Globe League
Become a Host
Pub Owners
SporcleCon
Opinionation
Our Games
Videos
Blog
Mobile Apps
Partnerships
Remove Ads and Go Orange
Feedback
Music
Pop Music
The Beatles
Song
Album
Lyrics
Bands
Singers
Artist
Clip
Rock
Rap
Classical
Billboard
Country Music
Kpop
Taylor Swift
Music
Pop Music
The Beatles
Song
Album
Lyrics
Bands
Singers
Artist
Clip
Rock
Rap
Classical
Billboard
Country Music
Kpop
Taylor Swift
Random Quiz
Search Sporcle
×
Quiz Lab
Quiz Lab
Music
Album
Type in answers that appear in a list
Type in answers that appear in a list
Classic
Best Score? Go Orange.
Rolling Stone Magazine's 50 Best Albums of 2013 Stats
Can you name Rolling Stone Magazine's 50 Best Albums of 2013?
By
DevinDougherty
6m
50 Questions
84 Plays
84 Plays
84 Plays
Comments
Comments
Give Quiz Kudos
Give Quiz Kudos
-
- Ratings
hide this ad
Replay
Link that replays current quiz
Next Quiz
Link to next quiz in quiz playlist
You Got
0%
They Got
Avg Score
33%
Avg Friend Score
Upgrade to see
Score Distribution
Jump to the score distribution portion of the page
Score
0/50
Timer
06:00
0
Plays Today
Artist
Album
% Correct
Kanye West
Yeezus
89.3%
Daft Punk
Random Access Memories
79.8%
Arcade Fire
Reflektor
77.4%
Lorde
Pure Heroine
76.2%
Arctic Monkeys
AM
70.2%
Vampire Weekend
Modern Vampires of the City
67.9%
Miley Cyrus
Bangerz
64.3%
My Bloody Valentine
m b v
57.1%
Eminem
Marshall Mathers LP 2
57.1%
Queens of the Stone Age
...Like Clockwork
53.6%
Drake
Nothing Was the Same
50%
The National
Trouble Will Find Me
47.6%
Disclosure
Settle
46.4%
Chance the Rapper
Acid Rap
45.2%
David Bowie
The Next Day
44%
Jake Bugg
Jake Bugg
40.5%
Haim
Days are Gone
40.5%
Chvrches
The Bones of What You Believe
39.3%
Paul McCartney
New
36.9%
Atoms for Peace
Amok
35.7%
Danny Brown
Old
35.7%
Earl Sweatshirt
Doris
32.1%
Phoenix
Bankrupt!
28.6%
Pearl Jam
Lightning Bolt
28.6%
Nine Inch Nails
Hesitation Marks
27.4%
Artist
Album
% Correct
Pusha T
My Name is My Name
27.4%
M.I.A.
Matangi
27.4%
Kurt Vile
Wakin on a Pretty Daze
26.2%
The Flaming Lips
The Terror
26.2%
Avicii
True
25%
Sky Ferreira
Night Time, My Time
23.8%
Kacey Musgraves
Same Trailer Different Park
23.8%
J. Cole
Born Sinner
23.8%
Parquet Courts
Light Up Gold
20.2%
Waxahatchee
Cerulean Salt
20.2%
Tegan & Sara
Heartthrob
19%
Savages
Silence Yourself
17.9%
Laura Marling
Once I Was an Eagle
16.7%
Franz Ferdinand
Right Thoughts Right Words Right Action
15.5%
F*ck Buttons
Slow Focus
14.3%
Elton John
The Diving Board
13.1%
Neko Case
The Worse Things Get, the Harder I Fight, the Harder I Fight, the More I Love You
9.5%
John Fogerty
Wrote a Song for Everyone
7.1%
Keith Urban
Fuse
6%
Ashley Monroe
Like a Rose
4.8%
Bombino
Nomad
4.8%
Best Coast
Fade Away EP
3.6%
Beck
Song Reader
3.6%
The So So Glos
Blowout
2.4%
Valerie June
Pushin' Against a Stone
1.2%
Quiz Playlist
Details
Report
Send in Message
Add To Playlist
Classic:
Type in answers that appear in a list
Last Updated: Feb 16, 2017
Quiz Scoreboard
CHALLENGE
Sign Up to Join the Scoreboard
Show All
Scores
Hide
Comments
May contain spoilers
Recently Published
Holiday 10x10 Sorting Gallery
by lukepisani3
Holiday
15m
Two Season TV Shows II
by 123Four
Television
10m
Image Sorting: Flags VI
by Barbecue
Geography
2m
More to Explore
Quiz From the Vault
Featured Blog Post
14 Easter Pick-up Lines to Find Eggs With
hide this ad
You Might Also Like...
Tags
Album Quiz
2013
Rolling
Rolling Stone
stone
Today's Top Quizzes in Music
Browse Music
hide this ad
Today's Top Quizzes in Album
Browse Album
Top Contributed Quizzes in Music
1
5X2 Blitz: Bands II
2
Taylor Swift All Songs (2024)
3
5X2 Blitz: The Beatles
4
5X2 Blitz: Billboard
5
Music Artist by Three 2010s hits
6
5X2 Blitz: Billboard II
7
5X2 Blitz: Album
8
5X2 Blitz: Rock
9
5X2 Blitz: Singers
10
5X2 Blitz: Lyrics
Explore More
Trending Topics
Harry Potter
Disney
Crossword
Marvel
NBA
Anime
Kpop
NFL
The Office
Soccer
Country
Puzzle
Pokémon
Song
WWE
hide this ad
More By:
DevinDougherty
Quiz
Plays
Rating
Category
Featured
Created
Rolling Stone Magazine's 50 Best Albums of 2013
84
Music
Dec 24, 2013
Sonic Youth Albums
70
1.00
Music
Jan 16, 2012
Rolling Stone Magazine's 50 Best Albums of 2012
32
Music
Dec 24, 2013
Go to Creator's Profile
Score Distribution
Quiz Creator Spotlight
DevinDougherty
Follow
Send a Message
Quizzes Created
-
Created Quiz Play Count
-
More By This Creator
Popular Quizzes Today
1
Find the US States - No Outlines Minefield
2
Colored Red Africa Blitz
3
Find the 'City' Movie
4
The Countries of the World
5
5x2 Blitz: Bands
6
Find the US States
7
Find the Countries of Europe - No Outlines Minefield
8
US States
More Music Quizzes
Classic Albums Rainbow
Quiz Lab
Trending Quizzes
Colored Red Europe Blitz I
Colored Red Europe Blitz II
Colored Red Africa Blitz II
Colored Red Europe Blitz III
Colored Red Africa Blitz III
Recently Updated
Odd Team Out - Big 4 Players
pecheneg
Quick Pick: 20 Twenties
pecheneg
March Madness Men's Triple Doubles
pecheneg
How Do You Spell That?
pecheneg
Godzilla Movies
pecheneg
Grab Bag: 4-10 Letters
pecheneg
2024 March Madness Bracket
pecheneg
Famous TV Couples
Peacemaker
Champions League XIs: Real Madrid
pecheneg
Largest US Cities 1790-2010
pecheneg
Trending Topics
NBA
Marvel
Disney
Crossword
Kpop
Harry Potter
Anime
Song
Country
NFL
Puzzle
Pokémon
The Office
Soccer
WWE
Your Account Isn't Verified!
In order to create a playlist on Sporcle, you need to verify the email address you used during registration. Go to your
Sporcle Settings
to finish the process.
Report this User
Report this user for behavior that violates our
Community Guidelines
.
Details:
Send Report
Go to the Sporcle.com Mobile Site →
Comments